000 00253nam a2200109Ia 4500
008 200302s9999 xx 000 0 und d
100 _aDavid Stevens
245 _aSmall Space Gardens
260 _bConran Octopus Ltd.
260 _c2003
300 _a192 P.,
999 _c5199
_d5199